№ 11; Национальные стандарты

Bibliographic Details
Parent link:Национальные стандарты: Информационный указатель/ Федеральное агентство по техническому регулированию и метрологии. № 11.— , 2004-
Language:Russian
Published: 2004
Format: Book
KOHA link:https://koha.lib.tpu.ru/cgi-bin/koha/opac-detail.pl?biblionumber=404213

MARC

LEADER 00000nam2a2200000 4500
001 404213
005 20250207131432.0
035 |a (RuTPU)RU\TPU\prd\51993 
090 |a 404213 
100 |a 20070618a19409999k y0rusy50 ca 
101 0 |a rus 
102 |a RU 
200 0 |a № 11 
210 |d 2004 
461 1 |0 (RuTPU)RU\TPU\prd\23792  |t Национальные стандарты  |o Информационный указатель  |f Федеральное агентство по техническому регулированию и метрологии  |v № 11  |d 2004- 
801 0 |a RU  |b 63413507  |c 20010227  |g PSBO 
801 1 |a RU  |b 63413507  |c 20070618  |g PSBO 
801 2 |a RU  |b 63413507  |c 20191121  |g RCR 
942 |c CR